Loading...
| Science - Biology | 0 | 4 | 0 | 0 | 40 | 92 | 109.75 | 0 | 0 | 0.00 | 0.00 |
| Science - Other | 0 | 4 | 1 | 0 | 35 | 39 | 75.50 | 0 | 2 | 0.00 | 0.00 |
| Philosophy | 0 | 3 | 0 | 1 | 30 | 68 | 112.67 | 1 | 1 | 0.00 | 0.00 |
| Science - Chemistry | 0 | 2 | 0 | 0 | 20 | 54 | 81.00 | 1 | 1 | 0.00 | 0.00 |
| Science - Physics | 0 | 3 | 2 | 0 | 20 | 78 | 103.00 | 0 | 0 | 0.00 | 0.00 |
| History - American | 0 | 1 | 0 | 1 | 10 | 143 | 143.00 | 0 | 0 | 0.00 | 0.00 |
| History - Other | 0 | 1 | 0 | 0 | 10 | 124 | 124.00 | 0 | 0 | 0.00 | 0.00 |
| Literature - British | 0 | 1 | 0 | 0 | 10 | 144 | 144.00 | 0 | 0 | 0.00 | 0.00 |
| Other | 0 | 1 | 0 | 0 | 10 | 82 | 82.00 | 0 | 1 | 0.00 | 0.00 |
| Social Science | 0 | 2 | 3 | 0 | 5 | 61 | 92.50 | 0 | 2 | 0.00 | 0.00 |
| Literature - American | 0 | 0 | 1 | 0 | -5 | 0.00 | 0 | 0 | 0.00 | 0.00 |